000
00307 a2200145 4500
001
48629
040
_c
Anchieta - Bela Vista
100
_a
Belinky, Tatiana
240
1
0
_a
Diversidade
_l
por
245
1
0
_a
Diversidade
300
_a
37
362
0
_a
2015
650
4
_a
Literatura infanto-juvenil
942
_c
BK
999
_c
48629
_d
48629